Associez les Pays d'Amérique du Sud à leur Capitale et Drapeau - Statistiques

Statistiques générales
  • Ce quiz a été pris 248 fois
    6 depuis la dernière actualisation
  • Le résultat moyen est 18 sur 24
Statistiques - réponses
Hint Réponse % Correct
Capitale du Brésil Brasília
100%
Drapeau du Brésil 1F1E7-1F1F7.svg
100%
Drapeau du Venezuela 1F1FB-1F1EA.svg
100%
Capitale du Paraguay Asunción
75%
Capitale de la Colombie Bogotá
75%
Capitale de l'Argentine Buenos Aires
75%
Capitale du Venezuela Caracas
75%
Drapeau de l'Équateur 1F1EA-1F1E8.svg
75%
Drapeau de l'Argentine 1F1E6-1F1F7.svg
75%
Drapeau du Chili 1F1E8-1F1F1.svg
75%
Drapeau du Guyana 1F1EC-1F1FE.svg
75%
Drapeau du Pérou 1F1F5-1F1EA.svg
75%
Drapeau de l'Uruguay 1F1FA-1F1FE.svg
75%
Drapeau du Suriname 1F1F8-1F1F7.svg
75%
Drapeau de la Colombie 1F1E8-1F1F4.svg
75%
Drapeau du Paraguay 1F1F5-1F1FE.svg
75%
Capitale du Pérou Lima
75%
Capitale de l'Uruguay Montevideo
75%
Capitale du Suriname Paramaribo
75%
Capitale de l'Équateur Quito
75%
Capitale du Chili Santiago
75%
Drapeau de la Bolivie 1F1E7-1F1F4.svg
50%
Capitales de la Bolivie La Paz / Sucre
50%
Capitale du Guyana Georgetown
25%
Aucun quiz correspondant
Distribution des résultats
% des personnes avec chaque résultat
Percentile par nombre de réponses
Votre historique - résultats
Vous n’avez pas pris ce quiz depuis la dernière actualisation